Righteous Lyric Quiz (Juice WRLD) - Statistics

General Stats
  • This quiz has been taken 123 times
    117 since last reset
  • The average score is 191 of 320
Answer Stats
Answer % Correct
right
97%
I
94%
i
94%
a
93%
righteous
93%
All
90%
all
90%
feeling
90%
Gucci
87%
I'm
84%
my
84%
My
84%
the
81%
to
79%
in
76%
is
75%
pill
75%
six
75%
five
74%
hard
74%
know
74%
pills
74%
suit
74%
truth
72%
white
72%
or
71%
over
71%
Over
71%
an
69%
digest
69%
hand
69%
me
68%
run
66%
nightstand
65%
of
65%
on
65%
that
65%
codeine
63%
damage
62%
medicine
62%
die
60%
fix
60%
planet
60%
anxiety
59%
yeah
59%
size
57%
taking
57%
we
57%
so
56%
he
54%
this
54%
oh
53%
time
53%
and
50%
even
50%
ice
50%
will
50%
holes
49%
eyes
47%
may
47%
beautiful
46%
bleeding
46%
heart's
46%
runneth
46%
coughing
44%
evening
43%
freezing
43%
it
43%
soul
43%
wheezing
43%
under
41%
deceiving
40%
skull
40%
go
38%
when
38%
cold
37%
demons
37%
attack
35%
can't
35%
High
35%
high
35%
make
35%
never
35%
see
35%
black
34%
I'll
34%
like
34%
they
34%
hell
32%
red
32%
too
32%
but
31%
drowning
31%
glow
31%
it's
31%
let's
31%
low
31%
out
31%
stay
31%
seen
29%
swim
29%
breath
28%
deep
28%
through
28%
blood
26%
exhale
26%
flames
26%
inhale
26%
anxious
25%
don't
25%
feet
24%
head
24%
moons
24%
are
22%
devil
22%
sip
22%
ten
22%
uh
22%
we'll
21%
we're
19%
busy
18%
crash
18%
drinking
18%
for
18%
take
18%
doing
16%
laps
16%
slow
16%
tryna
16%
gym
15%
thrill
15%
pass
13%
relapse
13%
ain't
12%
have
12%
pour
12%
race
12%
speeds
12%
four
10%
No matching quizzes found
Score Distribution
Percent of People with Each Score
Percentile by Number Answered
Your Score History
You have not taken this quiz since the last reset